Bác Hồ cầu hiền tài
Cuốn sách là tư liệu hấp dẫn, bổ ích cho bạn đọc trong bối cảnh đất nước ta đang hội nhập sâu rộng với thế giới, tranh thủ thời cơ và vận hội để phát triển.
Na minha lista:
| Formato: | Livro |
|---|---|
| Idioma: | Undetermined |
| Publicado em: |
Hà Nội
Thông tấn
2006
|
| Assuntos: | |
| Tags: |
Adicionar Tag
Sem tags, seja o primeiro a adicionar uma tag!
|
| Thư viện lưu trữ: | Trung tâm Học liệu Trường Đại học Cần Thơ |
|---|
| LEADER | 00746nam a2200181Ia 4500 | ||
|---|---|---|---|
| 001 | CTU_121889 | ||
| 008 | 210402s9999 xx 000 0 und d | ||
| 082 | |a 158.4 | ||
| 082 | |b B101 | ||
| 245 | 0 | |a Bác Hồ cầu hiền tài | |
| 245 | 0 | |c Nhiều tác giả | |
| 260 | |a Hà Nội | ||
| 260 | |b Thông tấn | ||
| 260 | |c 2006 | ||
| 520 | |a Cuốn sách là tư liệu hấp dẫn, bổ ích cho bạn đọc trong bối cảnh đất nước ta đang hội nhập sâu rộng với thế giới, tranh thủ thời cơ và vận hội để phát triển. | ||
| 650 | |a Psychology,Tâm lý học | ||
| 904 | |i Thủy | ||
| 980 | |a Trung tâm Học liệu Trường Đại học Cần Thơ | ||